000 00664nam a2200217 a 4500
001 000035548
005 20240412074258.0
008 111103s2011 dr a 000 j spa d
020 _a9789945163995
040 _aDO-SdBNP
_bspa
_cBNPHU
082 _aRD863.5
_bG356c
100 1 _aGerard
_961446
245 1 0 _aColección cuentos sin fronteras /
_cGerard, prólogo Orlando Rubén Sconza.
260 _aSanto Domingo :
_bBúho,
_c2011.
300 _av. ;
_c23 cm.
650 0 _aCuentos dominicanos
_9176
650 0 _aLiteratura dominicana.
_967
700 1 2 _aSconza, Orlando Rubén.
_epról.
_961447
910 _aValidado. Control de calidad MFF
049 _aBNPD
999 _c35039
_d35039